000 00976nac a22003730a 4500
001 PT54321
003 AR-LpoUNG
005 20210201005528.0
008 201001s1993||||sp |||||||||||||||||spa d
020 _a8475835775
_c$28
040 _aAR-LpoUNG
_bspa
_eaacr
041 _aspa
044 _asp
082 0 _aR909 794bib-v2
100 1 _aRogerson, John
245 1 3 _aLa Biblia :
_btierra, historia y cultura de los textos sagrados
260 _aBarcelona :
_bFolio,
_c[1993].
300 _a[113] p. :
_bil., mapas, gráfs., fot.
_3Impreso
490 0 _aAtlas culturales del mundo
650 4 _aANALISIS HISTORICO
650 4 _aASPECTOS GEOGRAFICOS
650 4 _aATLAS
650 4 _aCIVILIZACION
650 4 _aCRISTIANISMO
650 4 _aCULTURA
650 4 _aFACTORES CULTURALES
650 4 _aHISTORIA
650 4 _aJUDAISMO
650 4 _aMATERIAL DE REFERENCIA
650 4 _aRELIGION
651 4 _aMundial
905 _a54321
942 _cLSALA
999 _c50065
_d50065